| 000 | 00368nam a2200145Ia 4500 | ||
|---|---|---|---|
| 005 | 20250704013843.0 | ||
| 008 | 240331s9999 xx 000 0 und d | ||
| 082 |
_bBAN _a920 |
||
| 100 | _aBanduthilake,M | ||
| 245 | 0 | _aRathusenpathy Vivian | |
| 260 |
_aNugegoda _bDeepani Publishers _c1996 |
||
| 300 | _a182 p., | ||
| 500 | _aA book of Red Commander Vivian | ||
| 942 | _cL | ||
| 999 |
_c5336 _d5336 |
||